المسئولية الجنائية في الفقة الإسلامي : (Record no. 5590)
[ view plain ]
| 000 -الفاتح | |
|---|---|
| حقل البيانات ثابتة الطول | 00668nac a22001691u 4500 |
| 008 - عناصر البيانات ثابتة الطول - معلومات عامة | |
| حقل البيانات ثابتة الطول | 081009s1969 ua||||||r|| 001 0dara d |
| 041 ## - رمز اللغة | |
| رمز لغة النص/ المسارات الصوتية أو العنوان الانفرادي | ara |
| 082 ## - رقم تصنيف ديوى العشرى | |
| رقم التصنيف | 255 |
| رقم المادة | ب ه ن |
| 245 ## - بيان العنوان | |
| العنوان | المسئولية الجنائية في الفقة الإسلامي : |
| بقية العنوان | دراسة فقهية مقارنة / |
| بيان المسئوليه,etc | أحمد فتحي بهنسي |
| 250 ## - بيان الطبعة | |
| بيان الطبعة | ط2 ، |
| بقية بيان الطبعة | مزيدة |
| 260 ## - PUBLICATION, DISTRIBUTION, ETC. (IMPRINT) | |
| مكان الناشر او الموزع | [القاهرة]: |
| اسم الناشر او الموزع | مؤسسة الحلبي ،1969 . |
| تاريخ النشر أو التوزيع | 1969 |
| 300 ## - الوصف المادى | |
| التعداد | 298 ؛ص |
| أبعاد الوعاء | 24 سم . |
| 504 ## - تبصرة ببليوجرافية | |
| تبصرة ببليوجرافية,الخ | يحتوي علي ببليوجرافية: ص 183-287 . وفهارس |
| 511 ## - | |
| -- | Catalogued by: Sara |
| 541 ## - تبصرة المصدر المباشر للتزويد | |
| مصدر التزويد | ألف باء ؛ |
| طريقة التزويد | شراء ؛ |
| 942 ## - عناصر المدخل الإضافي( كوها) | |
| Koha [default] item type | Book - Borrowing |
| سابقة رقم الطلب | 255 ب ه ن |
| مصدر التصنيف او مخطط الترفيف | Dewey Decimal Classification |
| حالة التراجع | حالة الفقد | مصدر التصنيف او خطة الترفيف | حالة تلف | ليس للاعارة | مجموعات كوها | المكان الدائم | المكان الحالي | موقع الترفيف | تاريخ الاكتساب | Source of acquisition | رقم الاستدعاء | الباركود | Date last seen | نوع الوعاء |
|---|---|---|---|---|---|---|---|---|---|---|---|---|---|---|
| Dewey Decimal Classification | Alef-Baa | Central Library | Central Library | Lower Floor | 10/08/2010 | 255 ب ه ن | 000006933 | 15/07/2025 | Book - Borrowing |